=LDR 00000nam 2200000 4500 =001 INLIS000000000022509 =005 20130612121247 =008 ***********************************Ind** =035 ##$$0010-061300000022509 =041 ##$$a Ind =082 ##$$a 639.1 =090 ##$$a 639.1, San p =100 ##$$a Santoso, Budi =245 ##$$a Petunjuk praktis budidaya ikan mas, Budi Santoso =260 ##$$a 1993 $b Yogyakarta =300 ##$$a 82 hlm, ilus, 21 cm =650 ##$$a Ikan mas-pembudidayaan =850 ##$$a NBPNMAT